| 000 | 00963nam0a2200289 4500 | ||
|---|---|---|---|
| 001 | RU\NLR\bibl\1359015 | ||
| 005 | 20250615183232.0 | ||
| 010 | _a978-5-9796-0038-3 | ||
| 035 | _a(NLR Aleph) 001351199 | ||
| 090 |
_a922000 _c922000 |
||
| 100 | _a20080731d2008 |||y0rusy50 ca | ||
| 101 | 0 | _arus | |
| 102 | _aRU | ||
| 105 | _aa ||||||||| | ||
| 200 | 1 |
_aСохранившиеся стихи _fСергей Цирин |
|
| 210 |
_aМосква _cВодолей Publishers _d2008 |
||
| 215 |
_a192 с. _cил. _d17 |
||
| 320 | _aБиблиогр.: с. 182 (11 назв.) | ||
| 327 | 1 | _aСодерж.: циклы: Стихи, посвященные Юле, Школьные стихи, Переводы | |
| 686 | _aШ6(2=Р)7-5 | ||
| 700 | 1 |
_aЦирин _bС. А. _f1927-2007 _gСергей Алексеевич _4070 |
|
| 801 | 0 |
_aRU _bNLR _c20080731 _gRCR |
|
| 801 | 1 |
_aRU _bNLR _c20080731 |
|
| 942 | _cBOOK | ||
| 980 | _aNB | ||